| 000 | 01110nam a2200289 i 4500 | ||
|---|---|---|---|
| 001 | 93428 | ||
| 003 | ES-MaACL | ||
| 005 | 20250624062859.0 | ||
| 007 | t| | ||
| 008 | 050526s1962 sp ||||1| spa d | ||
| 080 | _a730 Corberó, Xavier (083.82) | ||
| 100 | 1 |
_aCorberó, Xavier. _940460 |
|
| 245 | 1 | 0 |
_aCorberó _b: [exposición, Sala del Prado del Ateneo de Madrid, 1-14 de febrero de 1962] / _c[Texto: R. Santos Torroella]. |
| 260 |
_aMadrid : _bEditora Nacional, _c[1962] |
||
| 300 |
_a[30] p. : _bprincipalmente il. n. ; _c21 cm. |
||
| 490 | 1 |
_aCuadernos de arte. Colección ordinaria ; _v89 |
|
| 600 | 1 | 4 |
_aCorberó, Xavier- _vExposiciones. _940461 |
| 610 | 2 | 7 |
_aAteneo de Madrid- _vExposiciones- _y1960-1969. _91920 |
| 655 | 7 |
_2tgfbne _9193628 _aCatálogos de exposiciones |
|
| 700 | 1 |
_aSantos Torroella, Rafael. _9103536 |
|
| 710 | 2 |
_aAteneo de Madrid. _bSala del Prado. _91965 |
|
| 830 | 0 |
_aCuadernos de arte. Colección ordinaria _v89 _9180064 |
|
| 852 |
_aES-MaACL _j2192-F-12 _996874 _bR.136075 |
||
| 852 |
_aES-MaACL _jG-13299(3) _996873 |
||
| 942 | _2udc | ||
| 999 |
_c93428 _d93428 |
||